[Event "12th American Continental"]
[Site "Medellin COL"]
[Date "2017.06.17"]
[Round "10.81"]
[White "Chang, Suzana"]
[Black "Toro Castaneda, Elizabeth"]
[Result "1-0"]
[WhiteElo "2127"]
[BlackElo "1953"]
[EventDate "2017.06.10"]
[PlyCount "53"]

1.d4 Nf6 2.c4 g6 3.Nc3 Bg7 4.e4 d6 5.Nf3 O-O 6.h3 e5 7.d5 Nbd7 8.Bg5 h6 9.
Be3 Nc5 10.Nd2 a5 11.a3 Nfd7 12.b4 Na6 13.g4 f5 14.gxf5 gxf5 15.exf5 Nf6 
16.Rg1 Kh8 17.Bd3 e4 18.Ndxe4 Bxf5 19.Rb1 axb4 20.axb4 Qe7 21.Ng3 Bxh3 22.
Bc2 Ng4 23.Qd3 Be5 24.Nce2 Bxg3 25.Rxg3 Nxe3 26.Qxe3 Qf7 27.Rxh3 1-0

[Event "12th American Continental"]
[Site "Medellin COL"]
[Date "2017.06.17"]
[Round "10.82"]
[White "Puppi Lazo, Jorge Luis"]
[Black "Giraldo, Leonardo Emilio"]
[Result "1-0"]
[WhiteElo "2120"]
[BlackElo "1912"]
[EventDate "2017.06.10"]
[PlyCount "49"]

1.e4 c5 2.Nf3 d6 3.d4 cxd4 4.Nxd4 Nf6 5.Nc3 Nc6 6.Bg5 Qb6 7.Nb3 e6 8.Bxf6 
gxf6 9.Qd2 Bd7 10.O-O-O a6 11.f4 O-O-O 12.Be2 h5 13.Rhf1 Qc7 14.Rf3 h4 15.
Kb1 Be7 16.Nd5 exd5 17.exd5 Kb8 18.Rc3 Qb6 19.dxc6 Bxc6 20.Nd4 Rc8 21.Rb3 
Qa7 22.Nxc6+ Rxc6 23.Bf3 Rb6 24.Re1 Bd8 25.Rbe3 1-0

[Event "12th American Continental"]
[Site "Medellin COL"]
[Date "2017.06.17"]
[Round "10.83"]
[White "Pardo Agudelo, Alejandro"]
[Black "Zuniga Garcia, Eddy Andres"]
[Result "1-0"]
[WhiteElo "2117"]
[BlackElo "1879"]
[EventDate "2017.06.10"]
[PlyCount "85"]

1.d4 Nf6 2.Nf3 e6 3.e3 d5 4.Bd3 Nbd7 5.O-O Bd6 6.c4 c6 7.Nc3 O-O 8.b3 Re8 
9.cxd5 exd5 10.Qc2 Nf8 11.h3 Qc7 12.Bb2 Bd7 13.Rfc1 a6 14.a3 Rad8 15.b4 
Qc8 16.Kf1 Ng6 17.Ng5 Nf8 18.Na4 Bb8 19.Nb6 Qc7 20.Nxd7 Rxd7 21.Nf3 Rde7 
22.a4 Ne4 23.b5 axb5 24.axb5 Re6 25.bxc6 bxc6 26.Ra6 Qb7 27.Ba3 Rc8 28.Rb1
Qd7 29.Rab6 Qe8 30.Ba6 Rd8 31.Bb7 Qd7 32.Rxc6 Rxc6 33.Qxc6 Qf5 34.Rb3 Ng6 
35.Qb6 Qd7 36.Bc6 Qc7 37.Qxc7 Bxc7 38.Rb7 Ba5 39.Rb5 Bd2 40.Rxd5 Rb8 41.
Rb5 Rxb5 42.Bxb5 Nf8 43.Bc6 1-0

[Event "12th American Continental"]
[Site "Medellin COL"]
[Date "2017.06.17"]
[Round "10.84"]
[White "Rodriguez Cortes, Giovanni"]
[Black "Remicio Duque, John"]
[Result "1/2-1/2"]
[WhiteElo "1772"]
[BlackElo "2110"]
[EventDate "2017.06.10"]
[PlyCount "60"]

1.e4 c5 2.Nc3 d6 3.Nge2 Nc6 4.g3 g6 5.d4 cxd4 6.Nxd4 Bg7 7.Nxc6 bxc6 8.Bg2
Ba6 9.Ne2 Qa5+ 10.c3 Bxe2 11.Kxe2 Nh6 12.Kf1 O-O 13.h4 Kh8 14.g4 f6 15.Kg1
Nf7 16.f4 Qc5+ 17.Kf1 e6 18.Qe2 Rab8 19.Bf3 f5 20.Rh2 fxe4 21.Bxe4 d5 22.
Be3 Qe7 23.Bd3 e5 24.Kg1 exf4 25.Bxf4 Qc5+ 26.Qf2 Qxf2+ 27.Rxf2 Rbe8 28.
Raf1 Kg8 29.Kg2 Be5 30.Bxe5 Nxe5 1/2-1/2

[Event "12th American Continental"]
[Site "Medellin COL"]
[Date "2017.06.17"]
[Round "10.86"]
[White "Alvarez Zuluaga, Alvaro"]
[Black "Pena, Alcides"]
[Result "1-0"]
[WhiteElo "2077"]
[BlackElo "1728"]
[EventDate "2017.06.10"]
[PlyCount "40"]

1.d4 d5 2.c4 e6 3.Nf3 Nf6 4.Nc3 Nbd7 5.cxd5 exd5 6.Bg5 Be7 7.e3 O-O 8.Bd3 
a6 9.Qb3 c6 10.O-O b5 11.Rac1 Bb7 12.Rfe1 c5 13.Bxf6 Bxf6 14.Nxd5 c4 15.
Bxc4 Rb8 16.Be2 Re8 17.Nd2 Nb6 18.Nxf6+ Qxf6 19.Bf3 Bxf3 20.Nxf3 Re4 1-0

[Event "12th American Continental"]
[Site "Medellin COL"]
[Date "2017.06.17"]
[Round "10.89"]
[White "Echavarria Ramirez, Juan Diego"]
[Black "Estrada Nieto, Julian"]
[Result "0-1"]
[WhiteElo "1924"]
[BlackElo "2263"]
[EventDate "2017.06.10"]
[PlyCount "68"]

1.d4 d5 2.c4 dxc4 3.e3 Nf6 4.Nf3 e6 5.Bxc4 a6 6.O-O b5 7.Bd3 Bb7 8.a4 b4 
9.Nbd2 c5 10.Qe2 Nbd7 11.Rd1 Qc7 12.Nc4 Be4 13.Nfe5 Bxd3 14.Qxd3 Be7 15.
Nxd7 Nxd7 16.e4 cxd4 17.Qxd4 O-O 18.Be3 Nc5 19.e5 Nb3 20.Qg4 h5 21.Qg3 
Nxa1 22.Bh6 g6 23.Bxf8 Rxf8 24.b3 Nc2 25.Qd3 Na3 26.Nd6 Qc2 27.Qxc2 Nxc2 
28.Rd2 Na3 29.Rd1 Rd8 30.Kf1 Kf8 31.Ke2 Bxd6 32.exd6 Ke8 33.Rd4 a5 34.Kd3 
Kd7 0-1

[Event "12th American Continental"]
[Site "Medellin COL"]
[Date "2017.06.17"]
[Round "10.90"]
[White "Ruiz Agudelo, Santiago"]
[Black "Arango, Andres Mauricio"]
[Result "1-0"]
[WhiteElo "1870"]
[BlackElo "2103"]
[EventDate "2017.06.10"]
[PlyCount "61"]

1.d4 d5 2.c4 c6 3.Nf3 Nf6 4.Nc3 e6 5.cxd5 exd5 6.Bg5 Bf5 7.e3 Nbd7 8.Bd3 
Bxd3 9.Qxd3 Bd6 10.O-O O-O 11.a3 a5 12.Rab1 a4 13.Qc2 b5 14.Nd2 Bxh2+ 15.
Kh1 Bb8 16.Ne2 Qc7 17.Bf4 Qb7 18.Rbc1 Bxf4 19.Nxf4 Rac8 20.e4 dxe4 21.Nxe4
Nxe4 22.Qxe4 Rfe8 23.Qf3 Nf6 24.Rc2 Qd7 25.Rd1 Re4 26.d5 cxd5 27.Nxd5 Rh4+
28.Kg1 Nxd5 29.Rxc8+ Qxc8 30.Qxd5 Qe8 31.Qg5 1-0

[Event "12th American Continental"]
[Site "Medellin COL"]
[Date "2017.06.17"]
[Round "10.92"]
[White "Renteria, Rolando"]
[Black "Rivera, Luis Enrique"]
[Result "1-0"]
[WhiteElo "2077"]
[BlackElo "1885"]
[EventDate "2017.06.10"]
[PlyCount "30"]

1.e4 d6 2.d4 Nf6 3.Nc3 c6 4.f3 b6 5.Bg5 Ba6 6.Bxa6 Nxa6 7.Qe2 Qc8 8.e5 h6 
9.exf6 hxg5 10.fxe7 Bxe7 11.O-O-O O-O 12.Qxe7 Qf5 13.Qe4 Qa5 14.h4 d5 15.
Qf5 gxh4 1-0

[Event "12th American Continental"]
[Site "Medellin COL"]
[Date "2017.06.17"]
[Round "10.93"]
[White "Torres Rojas, Yuber Andres"]
[Black "Pereira Vera, Henry Alberto"]
[Result "1-0"]
[WhiteElo "2022"]
[BlackElo "1884"]
[EventDate "2017.06.10"]
[PlyCount "52"]

1.e4 d5 2.exd5 Qxd5 3.Nc3 Qd6 4.d4 c6 5.Nf3 Bg4 6.Be2 Nd7 7.h3 Bh5 8.a4 
Ngf6 9.O-O e6 10.a5 Be7 11.Be3 O-O 12.Qd2 Qc7 13.Ng5 Bxe2 14.Qxe2 Nd5 15.
Nxd5 cxd5 16.c3 h6 17.Nf3 Bd6 18.Nd2 e5 19.dxe5 Nxe5 20.Nf3 Nc4 21.Rfd1 
Nxe3 22.Qxe3 Rac8 23.Nd4 Rfe8 24.Qf3 Qe7 25.Nf5 Qe5 26.Nxd6 Qxd6 1-0

[Event "12th American Continental"]
[Site "Medellin COL"]
[Date "2017.06.17"]
[Round "10.97"]
[White "Varela Garcia, Maria De Los Angeles"]
[Black "Estrada Ruiz, Walter"]
[Result "0-1"]
[WhiteElo "1717"]
[BlackElo "1982"]
[EventDate "2017.06.10"]
[PlyCount "76"]

1.e4 e5 2.Nf3 Nc6 3.Bc4 Bc5 4.c3 Nf6 5.d3 a5 6.O-O d6 7.d4 Bb6 8.Re1 Bg4 
9.Bb5 O-O 10.Bxc6 Bxf3 11.Qxf3 bxc6 12.Be3 h6 13.Nd2 Qe7 14.dxe5 dxe5 15.
Nc4 Rab8 16.Rab1 Qe6 17.b3 a4 18.Bxb6 cxb6 19.Qg3 b5 20.Nd2 Nh5 21.Qh4 Nf4
22.Nf1 Rfd8 23.Re3 c5 24.Qg3 axb3 25.axb3 Ra8 26.Kh1 Ra2 27.h3 f6 28.Qg4 
Qxg4 29.hxg4 Rxf2 30.g3 Ne6 31.Kg1 Ra2 32.Rf3 Kf7 33.b4 Re2 34.Re3 Ra2 35.
Rf3 Kg6 36.Rf2 Ra3 37.Rf3 Nd4 38.Re3 Rxc3 0-1

[Event "12th American Continental"]
[Site "Medellin COL"]
[Date "2017.06.17"]
[Round "10.98"]
[White "Lopez Ramirez, Jorge Hernan"]
[Black "Morera Campos, Yanori Maria"]
[Result "1-0"]
[WhiteElo "1963"]
[BlackElo "1882"]
[EventDate "2017.06.10"]
[PlyCount "67"]

1.e4 d5 2.exd5 Nf6 3.Nf3 Nxd5 4.Bc4 Bg4 5.h3 Bh5 6.d4 e6 7.Bd2 Be7 8.Nc3 
Nc6 9.g4 Bg6 10.Bb5 Nb4 11.Ba4 O-O 12.a3 Nd5 13.Qe2 a6 14.h4 b5 15.h5 Nxc3
16.Bxc3 Bd3 17.Qxd3 bxa4 18.O-O-O Qd5 19.g5 Na7 20.g6 fxg6 21.Ne5 Rxf2 22.
Kb1 Rb8 23.hxg6 h6 24.Qe3 Nb5 25.Bb4 Bxb4 26.axb4 Rxc2 27.Kxc2 Nd6 28.Qf3 
Qb5 29.Nc6 Qc4+ 30.Kb1 Re8 31.Rhf1 Nf5 32.d5 Rf8 33.dxe6 Qxe6 34.Qxf5 1-0

[Event "12th American Continental"]
[Site "Medellin COL"]
[Date "2017.06.17"]
[Round "10.99"]
[White "Moccero, Eduardo"]
[Black "Cardoso Cardoso, Jaidy Marcela"]
[Result "1/2-1/2"]
[WhiteElo "1953"]
[BlackElo "1711"]
[EventDate "2017.06.10"]
[PlyCount "88"]

1.d4 Nf6 2.Nf3 g6 3.c4 Bg7 4.Nc3 d6 5.Bf4 Nh5 6.Bg5 h6 7.Be3 Bg4 8.Qd2 
Bxf3 9.gxf3 Nd7 10.Bg2 c5 11.f4 Rb8 12.Bf3 Nhf6 13.Rb1 a6 14.b4 cxd4 15.
Bxd4 Qc7 16.Nd5 Qd8 17.O-O e5 18.fxe5 dxe5 19.Qe3 Nxd5 20.Bxd5 Qg5+ 21.Kh1
Qxe3 22.Bxe3 f5 23.f4 Ke7 24.Rg1 Kf6 25.Rbd1 Rhd8 26.Ba7 Rbc8 27.Bxb7 Rc7 
28.fxe5+ Ke7 29.Rxg6 Bxe5 30.Bd5 Rxa7 31.Re6+ Kf8 32.Rg1 Bg7 33.Rf1 Nf6 
34.Rxf5 Rf7 35.Rxa6 Nxd5 36.Rxd5 Re8 37.c5 Kg8 38.e4 Rxe4 39.Rd8+ Kh7 40.
Rd2 Rg4 41.Rd1 Rf2 42.Rg1 Rh4 43.Rg2 Rf1+ 44.Rg1 Rf2 1/2-1/2

[Event "12th American Continental"]
[Site "Medellin COL"]
[Date "2017.06.17"]
[Round "10.102"]
[White "Holliman, Bob"]
[Black "Sarmiento Mojica, Carolina"]
[Result "1-0"]
[WhiteElo "1898"]
[BlackElo "1618"]
[EventDate "2017.06.10"]
[PlyCount "32"]

1.d4 d5 2.Nf3 Nf6 3.c3 e6 4.h3 b6 5.Bf4 Bd6 6.e3 O-O 7.Bd3 Bb7 8.Nbd2 Bxf4
9.exf4 Nbd7 10.O-O Ne4 11.Qe2 f5 12.Rfe1 c5 13.Nf1 Rc8 14.N3h2 Qf6 15.f3 
cxd4 16.cxd4 
    ( 16.fxe4 fxe4 17.Bb5 Bc6 18.Bxc6 Rxc6 19.cxd4 )
16...Nd6 1-0

[Event "12th American Continental"]
[Site "Medellin COL"]
[Date "2017.06.17"]
[Round "10.104"]
[White "Chirivi Castiblanco, Angie Lizeth"]
[Black "Castaneda, Victor"]
[Result "1-0"]
[WhiteElo "2105"]
[BlackElo "1857"]
[EventDate "2017.06.10"]
[PlyCount "111"]

1.e4 e6 2.d3 d5 3.Nd2 c5 4.Ngf3 Nf6 5.g3 Be7 6.Bg2 Nc6 7.O-O O-O 8.e5 Nd7 
9.Re1 Qc7 10.Qe2 b5 11.Nf1 b4 12.h4 Re8 13.h5 f6 14.exf6 Nxf6 15.h6 g6 16.
N1h2 Bd7 17.Bf4 Bd6 18.Be5 Nxe5 19.Nxe5 Bxe5 20.Qxe5 Qxe5 21.Rxe5 Rab8 22.
b3 Rb6 23.a4 Kf8 24.g4 Rd6 25.Rd1 Ng8 26.g5 Ne7 27.Ng4 Ng8 28.Rd2 Re7 29.
Rde2 Rf7 30.Kh2 Ne7 31.Nf6 Rxf6 32.gxf6 Ng8 33.d4 cxd4 34.Rd2 Kf7 35.Rxd4 
Kxf6 36.Re2 a5 37.Rf4+ Kg5 38.Rf8 Nxh6 39.Ra8 Ng4+ 40.Kg3 Nh6 41.Rxa5 Nf5+
42.Kh2 h5 43.Ra7 Bc8 44.Ra8 Ba6 45.Rd2 Kf4 46.Rb8 g5 47.Rxb4+ d4 48.Rb8 h4
49.b4 Bc4 50.b5 g4 51.a5 h3 52.Bh1 e5 53.a6 g3+ 54.fxg3+ Ke3 55.Rd3+ Bxd3 
56.cxd3 1-0

[Event "12th American Continental"]
[Site "Medellin COL"]
[Date "2017.06.17"]
[Round "10.105"]
[White "Andrade Truyol, Geiner Jose"]
[Black "Ramirez Gonzalez, Maria Jose"]
[Result "1/2-1/2"]
[WhiteElo "2027"]
[BlackElo "1824"]
[EventDate "2017.06.10"]
[PlyCount "101"]

1.d4 Nf6 2.c4 c5 3.d5 b5 4.cxb5 a6 5.bxa6 g6 6.Nc3 Bxa6 7.g3 d6 8.Bg2 Bg7 
9.Nh3 O-O 10.O-O Nbd7 11.Qc2 Nb6 12.Rd1 Ne8 13.Rb1 Nc7 14.Nf4 Nb5 15.Bd2 
Nc4 16.Be1 Qc7 17.e3 Rfb8 18.h4 Ra7 19.a4 Nxc3 20.Bxc3 Bxc3 21.Qxc3 Rab7 
22.Bf1 Rb3 23.Qc2 R3b4 24.h5 g5 25.Nd3 R4b6 26.h6 Qc8 27.b3 Ne5 28.Nxe5 
dxe5 29.Bxa6 Rxa6 30.d6 exd6 31.Qe4 Qe6 32.Qc4 Rab6 33.Qd3 Qxh6 34.a5 Rc6 
35.Qd5 Ra6 36.Ra1 Qf6 37.Ra4 Qd8 38.Rda1 Rba8 39.b4 cxb4 40.Qb5 b3 41.Qxb3
Rxa5 42.Rxa5 Rxa5 43.Rxa5 Qxa5 44.Qb8+ Kg7 45.Qxd6 h5 46.Qe7 Kg6 47.Qe8 
Qd5 48.Qg8+ Kf6 49.Qh8+ Kg6 50.Qg8+ Kf6 51.Qh8+ 1/2-1/2

[Event "12th American Continental"]
[Site "Medellin COL"]
[Date "2017.06.17"]
[Round "10.108"]
[White "Gamboa Alvarado, Olga Leticia"]
[Black "Serna Escobar, Gustavo Dario"]
[Result "1-0"]
[WhiteElo "1925"]
[BlackElo "1763"]
[EventDate "2017.06.10"]
[PlyCount "40"]

1.d4 d5 2.c4 e6 3.Nc3 Nf6 4.cxd5 Nxd5 5.e4 Nxc3 6.bxc3 c6 7.Nf3 Be7 8.Bd3 
Nd7 9.O-O O-O 10.a4 Qc7 11.Qb3 Nf6 12.h3 h6 13.Be3 Kh8 14.Ne5 Nd7 15.Nxf7+
Rxf7 16.Qxe6 Ne5 17.Qxe5 Qxe5 18.dxe5 Be6 19.Be2 b6 20.a5 Bd5 1-0

[Event "12th American Continental"]
[Site "Medellin COL"]
[Date "2017.06.17"]
[Round "10.109"]
[White "Martinez Murcia, John Alexander"]
[Black "Meza Galvan, Luis"]
[Result "1-0"]
[WhiteElo "1912"]
[BlackElo "1757"]
[EventDate "2017.06.10"]
[PlyCount "49"]

1.d4 g6 2.c4 Bg7 3.Nc3 d6 4.e4 e6 5.f4 Ne7 6.Nf3 Nd7 7.Be2 b6 8.O-O Bb7 9.
Be3 d5 10.cxd5 exd5 11.e5 O-O 12.Rc1 a6 13.b4 b5 14.a4 c6 15.a5 Nf5 16.Bf2
h5 17.h3 Re8 18.Bd3 Nh6 19.g4 f5 20.Qe1 Nf8 21.Bh4 Qd7 22.Kh1 Ne6 23.Ne2 
Bf8 24.Rg1 Kh7 25.Ng5+ 1-0

[Event "12th American Continental"]
[Site "Medellin COL"]
[Date "2017.06.17"]
[Round "10.110"]
[White "Builes Palacio, Santiago"]
[Black "Echavarria, Gustavo"]
[Result "1-0"]
[WhiteElo "1756"]
[BlackElo "1902"]
[EventDate "2017.06.10"]
[PlyCount "65"]

1.e4 c6 2.d4 d5 3.Nc3 dxe4 4.Nxe4 Bf5 5.Ng3 Bg6 6.h4 h6 
    ( 6...h5 7.Nf3 )
7.Nf3 Nd7 8.h5 Bh7 9.Bd3 Bxd3 10.Qxd3 Ngf6 11.Bd2 e6 12.O-O-O Bd6 13.Ne4 
Nxe4 14.Qxe4 Qb6 15.Ne5 Nf6 16.Qh4 Qc7 17.Nc4 O-O-O 18.Nxd6+ Qxd6 19.Bf4 
Qd5 20.Kb1 Qxg2 21.Rdg1 Qf3 22.Be5 Rhg8 23.Rh3 Qf5 24.Qg3 Nxh5 25.Qa3 Nf6 
26.Rb3 Qxf2 27.Rc1 Qe2 28.Qxa7 Qa6 29.Qb8+ Kd7 30.Qc7+ Ke8 31.Bxf6 gxf6 
32.Rxb7 Qxb7 33.Qxb7 1-0

[Event "12th American Continental"]
[Site "Medellin COL"]
[Date "2017.06.17"]
[Round "10.111"]
[White "Diaz, Brian"]
[Black "Descarrega Zacarias, Vanessa"]
[Result "1/2-1/2"]
[WhiteElo "1751"]
[BlackElo "1883"]
[EventDate "2017.06.10"]
[PlyCount "47"]

1.d4 d5 2.e3 Nf6 3.Bd3 e6 4.Nd2 Nbd7 5.f4 c5 6.c3 Bd6 7.Ngf3 c4 8.Bc2 b5 
9.O-O b4 10.Nb1 a5 11.b3 Nb6 12.Bb2 Bd7 13.Ne5 a4 14.cxb4 axb3 15.axb3 
Rxa1 16.Bxa1 cxb3 17.Bxb3 Bxb4 18.Bc3 Qe7 19.Be1 O-O 20.Bh4 Bb5 21.Rf3 Nc4
22.Ng4 Nb2 23.Nxf6+ Kh8 24.Qd2 1/2-1/2

[Event "12th American Continental"]
[Site "Medellin COL"]
[Date "2017.06.17"]
[Round "10.112"]
[White "Arosemena, Franklin Alberto"]
[Black "Cespedes Galindo, Estefania"]
[Result "1-0"]
[WhiteElo "1881"]
[BlackElo "1748"]
[EventDate "2017.06.10"]
[PlyCount "38"]

1.e4 c5 2.Nf3 e6 3.d4 cxd4 4.c3 dxc3 5.Nxc3 Nc6 6.Bf4 d6 7.Be2 Nf6 8.O-O 
Be7 9.Qb3 Qb6 10.Qc2 O-O 11.Be3 Nb4 12.Qa4 Bd7 13.Bb5 Bxb5 14.Nxb5 Qc6 15.
Qxb4 a5 16.Qa4 Qxe4 
    ( 16...Nxe4 17.Qxe4 Qxe4 )
17.Qxe4 Nxe4 18.a4 Rac8 19.Rac1 d5 1-0

[Event "12th American Continental"]
[Site "Medellin COL"]
[Date "2017.06.17"]
[Round "10.113"]
[White "Morera Campos, Hazel Maria"]
[Black "Figueroa Figueroa, Karen Julissa"]
[Result "0-1"]
[WhiteElo "1859"]
[BlackElo "1735"]
[EventDate "2017.06.10"]
[PlyCount "41"]

1.e4 c5 2.Nc3 Nc6 3.g3 g6 4.Bg2 Bg7 5.d3 d6 6.Be3 e5 7.Qd2 Nge7 8.Bh6 Bxh6
9.Qxh6 Nd4 10.O-O-O b5 11.Nd5 Nxd5 12.exd5 Qa5 13.Kb1 b4 14.Qd2 Rb8 15.Ne2
Rb6 16.Nc1 c4 17.dxc4 Bf5 18.Nd3 Bxd3 19.Qxd3 Ra6 20.a3 O-O 21.Qe3 0-1

[Event "12th American Continental"]
[Site "Medellin COL"]
[Date "2017.06.17"]
[Round "10.114"]
[White "Ramos Arboleda, Dellys Carolina"]
[Black "Mora Suarez, Juan Felipe"]
[Result "1-0"]
[WhiteElo "1664"]
[BlackElo "1858"]
[EventDate "2017.06.10"]
[PlyCount "49"]

1.e4 d5 2.exd5 Qxd5 3.Nc3 Qa5 4.Nf3 Nf6 5.Bc4 Bf5 6.d3 e6 7.Bd2 c6 8.O-O 
Qc7 9.Re1 Nbd7 10.h3 h6 11.Nd4 Bh7 12.Bxe6 Be7 13.Bf5 g6 14.Qe2 O-O-O 15.
Qxe7 gxf5 16.Qxf7 Rhf8 17.Qg7 Rg8 18.Qxh6 c5 19.Ndb5 Qb6 20.Re6 Rg6 21.Qh4
Ne5 22.Rxb6 axb6 23.Qf4 Rd5 24.Qxf5+ Kb8 25.Qe6 1-0

[Event "12th American Continental"]
[Site "Medellin COL"]
[Date "2017.06.17"]
[Round "10.115"]
[White "Cox, Douglas"]
[Black "Borensztajn, David"]
[Result "1/2-1/2"]
[WhiteElo "1795"]
[BlackElo "1950"]
[EventDate "2017.06.10"]
[PlyCount "38"]

1.Nf3 g6 2.c4 Bg7 3.Nc3 c6 4.g3 d6 5.Bg2 Nf6 6.d4 O-O 7.O-O a5 8.Qc2 Qc7 
9.e4 e5 10.Rd1 Nh5 11.dxe5 dxe5 12.c5 Na6 13.Na4 Nb4 14.Qe2 Be6 15.b3 Rad8
16.Be3 h6 17.Rab1 Rxd1+ 18.Rxd1 Rd8 19.Rd2 Qe7 1/2-1/2

[Event "12th American Continental"]
[Site "Medellin COL"]
[Date "2017.06.17"]
[Round "10.116"]
[White "Prado, Hamilton Mesquita do"]
[Black "Moyses Sobrinho, Elias"]
[Result "0-1"]
[WhiteElo "1765"]
[BlackElo "1938"]
[EventDate "2017.06.10"]
[PlyCount "46"]

1.d4 Nf6 2.Bf4 g6 3.Nc3 Bg7 4.e4 d6 5.Qd2 O-O 6.Bh6 Nbd7 7.Bxg7 Kxg7 8.f4 
e5 9.fxe5 dxe5 10.d5 Nc5 11.Bd3 Nxd3+ 12.Qxd3 Nh5 13.Nf3 Nf4 14.Qd2 Qe7 
15.O-O-O Bg4 16.Rdf1 Bxf3 17.Rxf3 f5 18.g3 Nh5 19.exf5 gxf5 20.Rhf1 f4 21.
Ne4 h6 22.Qc3 fxg3 23.Rxf8 Rxf8 0-1

[Event "12th American Continental"]
[Site "Medellin COL"]
[Date "2017.06.17"]
[Round "10.117"]
[White "Oquendo, Eder"]
[Black "Vargas, Rogelio"]
[Result "1-0"]
[WhiteElo "1884"]
[BlackElo "1619"]
[EventDate "2017.06.10"]
[PlyCount "67"]

1.d4 Nf6 2.Bf4 d5 3.e3 g6 4.Nf3 Bg7 5.Nbd2 O-O 6.Bd3 Nbd7 7.O-O c5 8.c3 c4
9.Bc2 a6 10.a4 Re8 11.b3 Nh5 12.Bg5 Qc7 13.bxc4 dxc4 14.Qe2 e5 15.Qxc4 
Qxc4 16.Nxc4 h6 17.Bh4 g5 18.Bg3 Nxg3 19.hxg3 exd4 20.cxd4 Rb8 21.Bb3 Re7 
22.Rfc1 Nf8 23.Nd6 Be6 24.Bxe6 Rxe6 25.Nf5 Bh8 26.Rc7 b5 27.axb5 axb5 28.
Raa7 b4 29.Rxf7 b3 30.Rfb7 Rb6 31.Ne7+ Kf7 32.Rxb8 Rxb8 33.Nc6+ Ke8 34.
Nxb8 1-0

[Event "12th American Continental"]
[Site "Medellin COL"]
[Date "2017.06.17"]
[Round "10.120"]
[White "Henao Garcia, Estefania"]
[Black "Paniagua Davila, Fabio De Jesus"]
[Result "0-1"]
[WhiteElo "1325"]
[BlackElo "1862"]
[EventDate "2017.06.10"]
[PlyCount "74"]

1.e4 e5 2.Nf3 Nc6 3.d4 exd4 4.Nxd4 Nf6 5.Bg5 d6 6.Bb5 Bd7 7.Nc3 Be7 8.O-O 
O-O 9.Re1 Re8 10.Nd5 Nxd5 11.exd5 Nxd4 12.Bxd7 Qxd7 13.Bxe7 Nxc2 14.Qxc2 
Rxe7 15.h3 g6 16.Rxe7 Qxe7 17.Rc1 Rc8 18.Qc3 Qe5 19.Qxe5 dxe5 20.Rc5 f6 
21.b4 Kf7 22.a4 Ke7 23.f3 Kd7 24.Kf2 c6 25.Ke3 cxd5 26.Rxd5+ Ke6 27.Rc5 
Rxc5 28.bxc5 Kd5 29.Kd3 f5 30.a5 Kxc5 31.g4 b5 32.axb6 axb6 33.h4 fxg4 34.
fxg4 Kd5 35.h5 gxh5 36.gxh5 e4+ 37.Ke3 Ke5 0-1

[Event "12th American Continental"]
[Site "Medellin COL"]
[Date "2017.06.17"]
[Round "10.123"]
[White "Norena Marin, Jeronimo"]
[Black "Zapata, Olga Maria"]
[Result "0-1"]
[WhiteElo "1439"]
[BlackElo "1715"]
[EventDate "2017.06.10"]
[PlyCount "56"]

1.e4 d5 2.exd5 Qxd5 3.Nc3 Qa5 4.Be2 Bf5 5.d3 c6 6.Bd2 e6 7.a3 Nf6 8.Na2 
Qc7 9.Nf3 Bd6 10.c3 O-O 11.Qc2 h6 12.h3 Nbd7 13.g4 Bh7 14.O-O-O Bf4 15.Qa4
Bxd2+ 16.Rxd2 Nb6 17.Qd4 Rfd8 18.Qe3 Nbd5 19.Qe5 Qb6 20.Rf1 Nd7 21.Qd4 Qb5
22.Qc4 Qxc4 23.dxc4 Nf4 24.h4 Nxe2+ 25.Kd1 Nf4 26.h5 Nc5 27.b4 Rxd2+ 28.
Kxd2 Rd8+ 0-1

[Event "12th American Continental"]
[Site "Medellin COL"]
[Date "2017.06.18"]
[Round "11.1"]
[White "Cordova Daza, Emilio"]
[Black "Flores, Diego"]
[Result "1/2-1/2"]
[WhiteElo "2651"]
[BlackElo "2567"]
[EventDate "2017.06.10"]
[PlyCount "174"]

1.Nf3 c5 2.c4 g6 3.d4 cxd4 4.Nxd4 Nc6 5.g3 Bg7 6.Nb3 a5 7.Nc5 d6 8.Na4 Be6
9.Na3 Nf6 10.Bg2 O-O 11.O-O Rc8 12.Be3 Nd7 13.Qd2 b6 14.Rac1 Nc5 15.Nc3 
Nb4 16.b3 Bd7 17.Nab5 Bc6 18.Bxc6 Nxc6 19.Nd5 Rb8 20.Rfd1 Rb7 21.Bh6 Bxh6 
22.Qxh6 Rd7 23.Qh4 f5 24.Rb1 Ne4 25.f3 Nf6 26.Nf4 Qc8 27.Ne6 Rf7 28.a3 Nd8
29.Nf4 Kg7 30.b4 axb4 31.axb4 h6 32.Nd5 Rb7 33.Qd4 Nc6 34.Qc3 Ne5 35.Rbc1 
Kh7 36.Qd4 Nc6 37.Qe3 Qd8 38.Ra1 Rb8 39.Qc3 Rc8 40.Na7 Nxd5 41.Rxd5 Nxa7 
42.Rxa7 Rc7 43.Rxc7 Qxc7 44.Rb5 Rf8 45.Qe3 Qxc4 46.Rxb6 Qc7 47.b5 Qa7 48.
Kf2 g5 49.Ra6 Qxe3+ 50.Kxe3 Rc8 51.Rc6 Rb8 52.b6 Kg7 53.Kd4 Kf6 54.Kc4 Ke5
55.Kb5 Kd4 56.e4 g4 57.fxg4 fxe4 58.Rc7 e5 59.Rc4+ Kd3 60.Ra4 e3 61.Kc6 e2
62.Ra1 Kd2 63.Kc7 Rg8 64.b7 Rg7+ 65.Kc6 Rg8 66.h4 e1=Q 67.Rxe1 Kxe1 68.g5 
hxg5 69.hxg5 Kf2 70.Kc7 e4 71.b8=Q Rxb8 72.Kxb8 e3 73.g6 e2 74.g7 e1=Q 75.
g8=Q Qe5 76.g4 d5+ 77.Kb7 d4 78.Qc4 Qe3 79.g5 d3 80.Qh4+ Ke2 81.Qg4+ Ke1 
82.Qh4+ Ke2 83.Qg4+ Qf3+ 84.Qxf3+ Kxf3 85.g6 d2 86.g7 d1=Q 87.g8=Q Ke4 
1/2-1/2

[Event "12th American Continental"]
[Site "Medellin COL"]
[Date "2017.06.18"]
[Round "11.2"]
[White "Cori Tello, Jorge"]
[Black "Sevian, Samuel"]
[Result "1/2-1/2"]
[WhiteElo "2618"]
[BlackElo "2601"]
[EventDate "2017.06.10"]
[PlyCount "85"]

1.c4 e5 2.g3 Nf6 3.Bg2 d5 4.cxd5 Nxd5 5.Nc3 Nb6 6.d3 Be7 7.Be3 O-O 8.Rc1 
Re8 9.a3 Bf8 10.Nf3 Nc6 11.O-O Nd4 12.Ne4 a5 13.Bg5 f6 14.Bd2 a4 15.Nxd4 
exd4 16.Nc5 c6 17.Re1 Re5 18.Bb4 Kh8 19.e3 dxe3 20.Rxe3 Qe8 21.Rxe5 Qxe5 
22.d4 Qe8 23.Qc2 Qf7 24.Re1 Nd5 25.Bd2 b5 26.h4 Bxc5 27.Qxc5 Bd7 28.Bxd5 
Qxd5 29.Qxd5 cxd5 30.Re7 Bf5 31.h5 h6 32.f3 Rc8 33.g4 Rc2 34.Bb4 Bd3 35.
Rd7 Be2 36.Bf8 Kg8 37.Bxg7 Bxf3 38.Bxf6 Rg2+ 39.Kf1 Rxg4 40.Kf2 Rf4 41.Be5
Bg4+ 42.Bxf4 Bxd7 43.Bxh6 1/2-1/2

[Event "12th American Continental"]
[Site "Medellin COL"]
[Date "2017.06.18"]
[Round "11.3"]
[White "Iturrizaga Bonelli, Eduardo"]
[Black "Fier, Alexandr"]
[Result "1/2-1/2"]
[WhiteElo "2663"]
[BlackElo "2576"]
[EventDate "2017.06.10"]
[PlyCount "39"]

1.c4 Nf6 2.g3 c5 3.Bg2 g6 4.Nc3 Bg7 5.Nh3 Nc6 6.Nf4 a6 7.e3 d6 8.d4 Nd7 9.
Nfe2 O-O 10.O-O Rb8 11.b3 Na5 12.a4 e6 13.Rb1 b6 14.Qc2 Qe7 15.Rd1 Bb7 16.
d5 e5 17.e4 Rbe8 18.Re1 Bc8 19.Nd1 f5 20.exf5 1/2-1/2

[Event "12th American Continental"]
[Site "Medellin COL"]
[Date "2017.06.18"]
[Round "11.7"]
[White "Bacallao Alonso, Yusnel"]
[Black "Terry Lujan, Renato Alfredo"]
[Result "1-0"]
[WhiteElo "2554"]
[BlackElo "2454"]
[EventDate "2017.06.10"]
[PlyCount "131"]

1.Nf3 Nf6 2.g3 d5 3.Bg2 c6 4.b3 Bg4 5.Bb2 Nbd7 6.O-O e6 7.d3 Bd6 8.Nbd2 
O-O 9.h3 Bxf3 10.Nxf3 Qe7 11.a3 e5 12.Nh4 g6 13.e4 dxe4 14.dxe4 Rad8 15.
Qe2 Rfe8 16.b4 Nb6 17.Rad1 Qe6 18.Rd3 Nc4 19.Bc1 b5 20.Rfd1 Bc7 21.Nf3 a5 
22.Nd2 axb4 23.axb4 Rxd3 24.cxd3 Nxd2 25.Bxd2 Ra8 26.Be3 Ra2 27.Qf3 Nd7 
28.d4 exd4 29.Bxd4 Be5 30.Be3 Ra1 31.Kh2 Rxd1 32.Qxd1 Qd6 33.Qc2 Qxb4 34.
Qxc6 Nf8 35.Qd5 Qb2 36.Bf1 Ne6 37.Qxb5 Qxb5 38.Bxb5 Bd4 39.Bxd4 Nxd4 40.
Bc4 g5 41.Kg2 Kg7 42.f4 gxf4 43.gxf4 Nc6 44.Kf3 Ne7 45.Ke3 Ng6 46.Bb3 Kf6 
47.Bd1 Kg7 48.Bh5 Ne7 49.Kd4 Kf6 50.Bg4 Kg7 51.Bd7 Ng6 52.Ke3 Ne7 53.f5 
Kf6 54.Kf4 Ng8 55.Bc6 Kg7 56.Kg5 h6+ 57.Kf4 Ne7 58.Bd7 Ng8 59.Bc6 Ne7 60.
Bd5 Nc8 61.Ke5 f6+ 62.Ke6 Na7 63.Ke7 Nc8+ 64.Kd7 Nb6+ 65.Ke6 Na4 66.Ke7 
1-0